Romans de Bernard Werber - Statistiques

Statistiques générales
  • Ce quiz a été pris 20 fois
  • Le résultat moyen est 10 sur 26
Statistiques - réponses
Titre % Correct
Les Fourmis
100%
Les Thanatonautes
84%
L'Empire des Anges
79%
La Révolution des fourmis
63%
Nous les dieux
63%
Le Jour des fourmis
47%
La Boîte de Pandore
42%
Le Père de nos pères
42%
La Prophétie des abeilles
37%
Le Miroir de Cassandre
37%
Sa Majesté des chats
37%
Le Sixième Sommeil
32%
Le Souffle des dieux
32%
L'Ultime Secret
32%
Troisième Humanité
32%
Demain les Chats
26%
Depuis l'au-delà
26%
Le Mystère des dieux
26%
Le Papillon des étoiles
26%
Le Rire du cyclope
26%
Les Micro-Humains
26%
Le Temps des Chimères
26%
La Diagonale des Reines
21%
La Valse des âmes
21%
La Voix de la Terre
21%
La Planète des chats
5%
Aucun quiz correspondant
Distribution des résultats
% des personnes avec chaque résultat
Percentile par nombre de réponses
Votre historique - résultats
Vous n’avez pas pris ce quiz